| 000 | 00800nam a22002537a 4500 | ||
|---|---|---|---|
| 001 | 9379 | ||
| 003 | FISKH | ||
| 005 | 20251216135358.0 | ||
| 008 | 251216b cb ||||| |||| 00| 0 eng d | ||
| 020 | _a9781617419980 | ||
| 040 |
_aFISKH _beng _cFISKH _dFISKH |
||
| 050 | _aPE1591.R43 O77 | ||
| 082 | _a428.1 | ||
| 100 |
_aReasoner, Charles _eAuthor |
||
| 245 |
_aOpposites! : _bBaby talk / _cBy Charles Reasoner |
||
| 260 |
_aGuangdong : _bRourke Publishing , _c2011 |
||
| 300 |
_a10 unnumbered pages : _bphotographs ; _c19 cm |
||
| 505 | _aNP | ||
| 520 | _aPlentiful bright colors and playful illustrations, photographs, and text introduces young children to the subject of opposites. | ||
| 521 | 8 |
_aNP
_bLexile |
|
| 650 |
_aBoard book _vBasic concepts |
||
| 942 |
_2ddc _cBK _n0 |
||
| 999 |
_c9379 _d9379 |
||